| 000 | 01026nam a22002417a 4500 | ||
|---|---|---|---|
| 999 |
_c3234 _d3234 |
||
| 001 | 3234 | ||
| 003 | BD-JhCC | ||
| 005 | 20171113185529.0 | ||
| 008 | 171111s1967 bg |||| |||| 000 0 ben d | ||
| 035 | _a(BD-JhCC)3234 | ||
| 040 |
_aBD-JhCC _dBD-JhCC |
||
| 041 | _aben | ||
| 082 |
_a891.4409 _bCHO 1967 |
||
| 100 | _aচক্রবর্তী, মুকুন্দরাম | ||
| 245 |
_aকালকেতু উপাখ্যান : _bচন্ডীমঙ্গল কাব্য থেকে / _cমুকুন্দরাম চক্রবর্তী; সম্পাদনায় মুহাম্মদ আবদুল হাই ও আনোয়ার পাশা |
||
| 260 |
_aঢাকা: _bস্টুডেন্ট ওয়েজ, _c১৯৬৭. |
||
| 300 |
_a২১৩ পৃ. : _c২২ সেমি. |
||
| 650 | _aBengali Literature | ||
| 700 | _aহাই, মুহাম্মদ আবদুল | ||
| 700 | _aআনোয়ার পাশা | ||
| 942 |
_2ddc _cBK |
||